000 00622nam a2200229Ia 4500
003 OSt
005 20220926034839.0
006 a|||||r|||| 00| 0
007 ta
008 220923b |||||||| |||| 00| 0 eng d
037 _cGeneral Book
040 _aRTL
_cRTL
_beng
041 _2eng
_aeng
082 _aX:8:g, 113M5
100 _aDrucker Peter F
245 0 _aInnovations-management for economics and politics
260 _aWien
_bVerlag
_c1985
300 _a395p.
_ccm.
650 _aManagement
_930681
942 _hX:8:g, 113M5
_cGB
_2CC
999 _c660550
_d660550